| 000 | 00961nas a2200301 4500 | ||
|---|---|---|---|
| 001 | BR0402632 | ||
| 003 | BR-BrBNA | ||
| 005 | 20231205104542.0 | ||
| 007 | ta | ||
| 008 | 230509b bl.|||p| |||| 00| 00por d | ||
| 040 |
_aBR-BrBNA _bpor _cBiblioteca Nacional de Agricultura |
||
| 041 | _a(Pt) | ||
| 072 | _aJ11 | ||
| 100 | 1 | _aNasser, P.P. | |
| 100 | 1 | _aSouza, S.M.C. de | |
| 100 | 1 | _aBatista, L.R. | |
| 100 | 1 | _aMercer, J.R. | |
| 245 | 1 | _aImplicações do fungo Aspergillus niger var. niger sobre o crescimento de isolados de Aspergillus da seção Circumdati e produção de ocratoxina A | |
| 650 | _aCAFÉ | ||
| 650 | _aGRÃO | ||
| 650 | _aOCRATOXINA | ||
| 650 | _aFUNGO | ||
| 650 | _aFUNGO PARA CONTROLE BIOLÓGICO | ||
| 650 | _aINIBIDOR DE CRESCIMENTO | ||
| 773 | 0 |
_tCiência e Agrotecnologia (Brazil) _xISSN 1413-7054 _g(Sep-Oct 2003), v. 27(5) p. 1172-1175 _wBR0402632 |
|
| 909 |
_a202311 _bLúcia _c55 _dLúcia Elande |
||
| 942 |
_2AGRIS _n0 _cANA |
||
| 999 |
_c178678 _d178678 |
||